El teatro medieval

Αποθηκεύτηκε σε:
Λεπτομέρειες βιβλιογραφικής εγγραφής
Κύριος συγγραφέας: Guglielmi, Nilda (autora)
Μορφή: Βιβλίο
Γλώσσα:Ισπανικά
Έκδοση: Buenos Aires Universitaria 1980
Σειρά:Los Fundamentos
Θέματα:
Ετικέτες: Προσθήκη ετικέτας
Δεν υπάρχουν, Καταχωρήστε ετικέτα πρώτοι!

MARC

LEADER 00000nam a2200000 a 4500
001 UCO4718
003 CL-VaPUC
008 000811e19800000AG |||||||||||||||||spa|d
082 0 4 |a 872.03  |b GUG  |2 21 
100 |a Guglielmi, Nilda  |e autora  |9 588270 
245 1 3 |a El teatro medieval 
300 |a 410 p 
942 |c BK 
945 |d 20000811 00:00:00  |a crobeson 
260 |a Buenos Aires  |b Universitaria  |c 1980 
650 0 |a Teatro medieval  |9 362730 
650 7 |a TEATRO LATINO  |2 CL-VaPUC  |9 265080 
650 0 |a Literatura latina   |9 258055 
583 |a last modification  |c 20000811 00:00:00  |k Rodrigo Vera 
490 0 |a Los Fundamentos 
999 |c 290720  |d 290718 
952 |0 0  |1 0  |4 0  |6 872_030000000000000_GUG_1980  |7 0  |8 A  |9 340279  |a BIBART  |b BIBART  |d 2019-11-20  |i 1215078  |o 872.03 GUG 1980  |p 1215078  |r 2025-03-13  |w 2019-11-20  |y BK  |k ART